000 00265nam a2200097Ia 4500
082 _aDEV
245 0 _aGeen groter liefde
100 _a DE VILLIERS, Reinette Pretoria, 1995 Grootdrukuitg
_981623
942 _cBK
008 210817s9999 xx 000 0 und d
999 _c291612
_d291611